书目信息 |
| 题名: |
园林制图与识图习题集
|
|
| 作者: | 董南 主编 | |
| 分册: | ||
| 出版信息: | 1995.04 |
|
| 页数: | 130页 | |
| 开本: | 16开 | |
| 丛书名: | ||
| 单 册: | ||
| 中图分类: | TU986.2-44 | |
| 科图分类: | ||
| 主题词: | 园林--规划 , 公园--绿化规划 | |
| 电子资源: | ||
| ISBN: | ||
| 000 | 00560nam0 2200205 45 | |
| 001 | 0012111521 | |
| 005 | 20010102161946.4 | |
| 010 | @d13.00元 | |
| 100 | @a20001211d1995 km y0chiy0120 ea | |
| 101 | 0 | @achi |
| 105 | @a z 000yy | |
| 200 | 1 | @a园林制图与识图习题集@AYuan Lin Zhi Tu Yu Shi Tu XiTi Ji@f董南主编@FDong Nan Zhu Bian |
| 210 | @d1995.04 | |
| 215 | @a130页@d16开 | |
| 606 | 0 | @a园林@x规划 |
| 606 | 0 | @a公园@x绿化规划 |
| 690 | @aTU986.2-44@v3 | |
| 701 | 0 | @a董南@4主编 |
| 801 | @aCN@bPftUser@c20001211 | |
| 905 | @dTU986.2-44@eD.195@b319118-122@f5 | |
| 园林制图与识图习题集/董南主编.-1995.04 |
| 130页;16开 |
| ISBN :13.00元 |
| ● |
| 相关链接 |
|
|
|
正题名:园林制图与识图习题集
索取号:TU986.2-44/D.195
 
预约/预借
| 序号 | 登录号 | 条形码 | 馆藏地/架位号 | 状态 | 备注 |
| 1 | 319118 | 203191189 | 土木与交通工程学院资料室/101建筑库 91排2列4层/ [索取号:TU986.2-44/D.195] | 在馆 | |
| 2 | 319119 | 203191198 | 建筑库201/201建筑库 112排2列3层/ [索取号:TU986.2-44/D.195] | 在馆 | |
| 3 | 319120 | 203191205 | 建筑库201/201建筑库 112排2列4层/ [索取号:TU986.2-44/D.195] | 在馆 | |
| 4 | 319121 | 203191214 | 建筑库201/201建筑库 112排2列3层/ [索取号:TU986.2-44/D.195] | 在馆 | |
| 5 | 319122 | 203191223 | 自科二线404/201建筑库 115排2列2层/ [索取号:TU986.2-44/D.195] | 在馆 |